| 000 | 00369nam a2200133Ia 4500 | ||
|---|---|---|---|
| 008 | 170516s9999 xx 000 0 und d | ||
| 245 | _aGenerating Cell Targeting Aptamers for Nanotheranostics Using Cell-SELEX | ||
| 260 | _bTheranostics | ||
| 260 | _c2016 | ||
| 300 | _a6:9 | ||
| 650 | _xMedical Technology | ||
| 650 | _xMedtech | ||
| 856 | _uhttp://www.thno.org/v6i9 | ||
| 999 |
_c330284 _d330284 |
||